ბათუმის შოთა რუსთაველის სახელმწიფო უნივერსიტეტის ბიბლიოთეკა

ჰერკოლუბუსი:ანუ წითელი პლანეტა. (ბიბ.ჩანაწერი № 41875)

000 -LEADER
fixed length control field 00751nam a2200229Ia 4500
001 - CONTROL NUMBER
control field 8558
003 - CONTROL NUMBER IDENTIFIER
control field GE_BSU
008 - FIXED-LENGTH DATA ELEMENTS--GENERAL INFORMATION
fixed length control field 181216s||||||||xx |||||||||||||| ||und||
040 ## - CATALOGING SOURCE
Transcribing agency GE_BSU
080 ## - UNIVERSAL DECIMAL CLASSIFICATION NUMBER
Universal Decimal Classification number 523.4
100 ## - MAIN ENTRY--PERSONAL NAME
Personal name რაბოლუ,ვ.მ.
245 ## - TITLE STATEMENT
Title ჰერკოლუბუსი:ანუ წითელი პლანეტა.
245 ## - TITLE STATEMENT
Remainder of title დედამიწა.
250 ## - EDITION STATEMENT
Edition statement 1-ლი გამოც.
260 ## - PUBLICATION, DISTRIBUTION, ETC.
Place of publication, distribution, etc. ?
260 ## - PUBLICATION, DISTRIBUTION, ETC.
Name of publisher, distributor, etc. [გ.გ.]
260 ## - PUBLICATION, DISTRIBUTION, ETC.
Date of publication, distribution, etc. 2013.
300 ## - PHYSICAL DESCRIPTION
Extent 55გვ;17სმ.
520 ## - SUMMARY, ETC.
Summary, etc. ნათარგმნ.კოლუმბიური ორიგინალიდან.
653 ## - INDEX TERM--UNCONTROLLED
Uncontrolled term ჰერკოლუბუსი:ანუ წითელი პლანეტა
942 ## - ADDED ENTRY ELEMENTS (KOHA)
Koha item type წიგნი
ეგზემპლარები
Withdrawn status Lost status Damaged status Not for loan Date acquired Barcode Date last seen Price effective from Koha item type
        2018-12-17 30883 2018-12-17 2018-12-17 წიგნი